| 000 | 03253nab a2200421 4500 | ||
|---|---|---|---|
| 003 | BR-BrBNA | ||
| 005 | 20250926163934.0 | ||
| 008 | 250926b2025 bl.ar|pooa||| 00| 0 eng | | ||
| 040 |
_aBR-BrBNA _bpor |
||
| 072 |
_aN20 ; Q03 _b4580 ; 9935 |
||
| 100 | _aBohrz, Daniela de Ávila Silva | ||
| 100 | _aLevandowski, Rafael | ||
| 100 | _aSantos, Lára Franco dos | ||
| 100 | _aNascimento, Caroline Antunes do | ||
| 100 | _aPasqualotto, Luana | ||
| 100 | _aBertuol, Milena Zanoello | ||
| 100 | _aNovello, Thaís | ||
| 100 | _aPilotto, Fernando | ||
| 100 | _aSantos, Luciana Ruschel dos | ||
| 100 | _aRodrigues, Laura Beatriz | ||
| 245 | _aEfficacy of araçá extract in reducing biofilms on teat cup linings | ||
| 500 | _aSummaries (En, Pt); 6 ref.; 2 illus. | ||
| 520 | _aAbstract – The objective of this work was to evaluate the efficacy of araçá (Psidium cattleianum) fruit extract in removing Staphylococcus aureus and Staphylococcus epidermidis biofilms from teat cup liners. New and used rubber liners were tested. Biofilm formation and removal were evaluated using a standardized protocol. The surface of the teat cup liners was analyzed with scanning electron microscopy. The used liners had a rougher surface, which promotes biofilm growth. The araçá extract outperformed sodium hypochlorite, being up to 21 times more effective in reducing biofilms on the used liners. Therefore, araçá extract shows potential as a biodegradable alternative for removing biofilms from teat cup liners. Index terms: Psidium cattleianum, Staphylococcus aureus, Staphylococcus epidermidis, dairy equipment hygiene, disinfection, natural extract. | ||
| 520 | _aResumo – O objetivo deste trabalho foi avaliar a eficácia do extrato de fruta de araçá (Psidium cattleianum) na remoção de biofilmes de Staphylococcus aureus e Staphylococcus epidermidis em teteiras. Foram testadas teteiras de borrachas novas e usadas. A formação e a remoção dos biofilmes foram avaliadas com protocolo padronizado. Analizou-se a superfície das teteiras com microscópio eletrônico de varredura. As teteiras usadas apresentaram superfície mais rugosa, o que favorece o crescimento de biofilmes. O extrato de araçá superou o hipoclorito de sódio, com eficácia até 21 vezes maior na redução de biofilmes nas teteiras usadas. Portanto, o extrato de araçá apresenta potencial como alternativa biodegradável para remoção de biofilmes do revestimento de copos de teteiras. Termos para indexação: Psidium cattleianum, Staphylococcus aureus, Staphylococcus epidermidis, higiene de equipamentos lácteos, desinfecção, extrato natural. | ||
| 650 | _aARAÇÁ | ||
| 650 | _aPSIDIUM CATTLEIANUM | ||
| 650 | _aEXTRATO DE FRUTA | ||
| 650 | _aBACTÉRIA | ||
| 650 | _aBIOFILME | ||
| 650 | _aORDENHA | ||
| 650 | _aEQUIPAMENTO | ||
| 650 | _aHIGIENE | ||
| 650 | _aDESINFECÇÃO | ||
| 773 | 0 |
_0920 _9357579 _dBrasília-DF Empresa Brasileira de Pesquisa Agropecuária - EMBRAPA 1966- _o2025-5544 _tPesquisa Agropecuária Brasileira (Brazil) _x0100-204X _gv. 60 p. 1-4; (2025) _wBR2025003727 |
|
| 856 | _uhttps://www.scielo.br/j/pab/a/Zp3TkP9WbxwdndRzvTCxTFD/?format=pdf&lang=en | ||
| 942 | _cANA | ||
| 999 |
_c338415 _d338415 |
||